000 00332nam a22001457a 4500
003 SGT
082 _a808.06634,MYN
100 _aMYNENI,S.R
245 _aLEGAL LANGUAGE AND LEGAL WRITING
250 _a1ST
260 _aHYDRAWAD
_bHYDRABAD
_cASIA PUBLICATION
300 _a572
650 _aLANGUAGE AND WRITING
942 _2ddc
_cBK
_03
999 _c9577
_d9577